Ensayos sobre la guerra restauradora / (Registro nro. 13950)

Detalles MARC
000 -LEADER
fixed length control field 03219nam a2200337 a 4500
001 - CONTROL NUMBER
control field
003 - CONTROL NUMBER IDENTIFIER
control field DO-SdBNP
005 - DATE AND TIME OF LATEST TRANSACTION
control field 20240220082920.0
008 - FIXED-LENGTH DATA ELEMENTS--GENERAL INFORMATION
fixed length control field 090629s2007 dr c r 000 0 spa d
020 ## - INTERNATIONAL STANDARD BOOK NUMBER
International Standard Book Number 9789945161335
040 ## - CATALOGING SOURCE
Original cataloging agency DO-SdBNP
Language of cataloging spa
Transcribing agency BPMSU
082 ## - DEWEY DECIMAL CLASSIFICATION NUMBER
Classification number 972.9304
Item number E59s, 2007
Edition number 22
245 00 - TITLE STATEMENT
Title Ensayos sobre la guerra restauradora /
Statement of responsibility, etc. editor Juan Daniel Balcácer ; presentación José Chez Checo ;.
250 ## - EDITION STATEMENT
Edition statement 2a ed. corr. y ampl.
260 ## - PUBLICATION, DISTRIBUTION, ETC. (IMPRINT)
Place of publication, distribution, etc. Santo Domingo :
Name of publisher, distributor, etc. Comisión Permanente de Efemérides Patrias,
Date of publication, distribution, etc. 2007.
300 ## - PHYSICAL DESCRIPTION
Extent 370 p. :
Other physical details retr ;
Dimensions 23 cm.
490 0# - SERIES STATEMENT
Series statement Publicaciones de la Comisión Permanente de Efemérides Patrias 2004-2007
Volume/sequential designation 23
490 0# - SERIES STATEMENT
Series statement Academia Dominicana de la Historia
Volume/sequential designation 77
500 ## - GENERAL NOTE
General note Incluye datos biográficos de ensayistas domicanos: p. 363-368.
504 ## - BIBLIOGRAPHY, ETC. NOTE
Bibliography, etc Incluye referencias bibliográficas y notas al pie de las páginas.
505 0# - FORMATTED CONTENTS NOTE
Title Presentación /
Statement of responsibility José Chez Checo --
Title Palabras del rector magnífico de la Universidad Autónoma de Santo Domingo /
Statement of responsibility Roberto Reyna --
Title Antecedentes históricos y sociológicos de la Anexión de España /
Statement of responsibility Manuel A. Peña Batle --
Title Examen crítico de la anexión de Santo Domingo a España /
Statement of responsibility Alejandro Angulo Guridi --
Title Capotillo y la Restauración /
Statement of responsibility Alcides García Lluberes /
Title El día histórico /
Statement of responsibility Alcides García Lluberes --
Title La batalla del 6 de septiembre de 1863 /
Statement of responsibility César Herrera --
Miscellaneous information Centenario de la Restauración --
Title Ley 3, que declara el año de 1963, año de centenario de la restauración nacional --
-- Programa de actividades del centenario de la Restauración ;
-- Homilía de Monseñor Hugo E. Polanco Brito, en el centenario de la Restauración ;
-- Discurso del presidente Juan Bosch, en el centenario de la Restauración ;
-- Elogio del gobierno de la Restauración /
Statement of responsibility Emilio Rodríguez Demorizi --
Title La Restauración y sus enlaces con la historia de occiente /
Statement of responsibility Pedro Troncoso Sánchez --
Title Perfil nacionalista de Gregorio Luperón /
Statement of responsibility Hugo Tolentino Dipp --
Title Anexión y guerra restauradora /
Statement of responsibility Juan Daniel Balcácer,
-- Manuel García Arévalo --
Title Reflexiones sobre la Guerra de la Restauración /
Statement of responsibility Francisco Antonio Avelino --
Title Anexión, restauración e iglesia, 1860-1865 /
Statement of responsibility Antonio Lluberes --
Title Características de la Guerra de la Restauración, 1863-1865 /
Statement of responsibility Emilio Cordel Michel --
Title Notas sobre la participación haitiana en la guerra restauradora /
Statement of responsibility Ricardo Hernández --
Title Apéndices --
-- Acta de Independencia, Santiago, 14 de septiembre de 1863 --
-- Adiciones y firmas en Luperón, notas autobiográficas --
-- Exposición a S. M. la Reina de España --
-- Exposición al gobierno de Inglaterra --
-- Ramón Mella, a sus conciudadanos ;
-- Convenio de El Carmelo ;
-- Comentarios editoriales Convenio de El Carmelo ;
-- Datos biográficos de los ensayistas
590 ## - LOCAL NOTE (RLIN)
Local note Inventariado, 2022/VM
650 #4 - SUBJECT ADDED ENTRY--TOPICAL TERM
Topical term or geographic name as entry element Ensayos dominicanos
651 #4 - SUBJECT ADDED ENTRY--GEOGRAPHIC NAME
Geographic name República Dominicana
General subdivision Historia
Chronological subdivision Restauración, 1863-1865
651 #4 - SUBJECT ADDED ENTRY--GEOGRAPHIC NAME
Geographic name República Dominicana
General subdivision Anexión a España,
Chronological subdivision 1861-1863
700 1# - ADDED ENTRY--PERSONAL NAME
Personal name Balcácer, Juan Daniel,
Relator term ed.
700 1# - ADDED ENTRY--PERSONAL NAME
Personal name Chez Checo, José,
Dates associated with a name 1949-
710 2# - ADDED ENTRY--CORPORATE NAME
Corporate name or jurisdiction name as entry element Comisión Permanente de Efemérides Patria (República Dominicana )
910 ## - USER-OPTION DATA (OCLC)
User-option data VMateo V.Control de calidad. BPMSU
942 ## - ADDED ENTRY ELEMENTS (KOHA)
Source of classification or shelving scheme Dewey Decimal Classification
Koha item type Libros
Existencias
Withdrawn status Lost status Source of classification or shelving scheme Damaged status Not for loan Collection code Home library Current library Date acquired Source of acquisition Total Checkouts Full call number Barcode Date last seen Price effective from Koha item type Copy number
    Dewey Decimal Classification     Colección Dominicana Biblioteca Pública Metropolitana Salomé Ureña Biblioteca Pública Metropolitana Salomé Ureña 01/17/2022 Fundacón Juan Bosch   BPMSU CD 972.9304 E59s, 2007 BPMSU22010030 01/17/2022 01/17/2022 Libros  
    Dewey Decimal Classification     Colección Dominicana Biblioteca Pública Metropolitana Salomé Ureña Biblioteca Pública Metropolitana Salomé Ureña 01/17/2022 Fundacón Juan Bosch   BPMSU CD 972.9304 E59s, 2007 BPMSU22010031 01/17/2022 01/17/2022 Libros e.2